000 00932cab a2200325 4500
001 ABS58419
008 090401t1998 xxu||||| |||| 00| 0 eng d
035 _a(Sirsi) u85284
041 _aeng
245 _aRegional survey: South London boroughs
260 _c1998
350 _a0
490 _aProperty Week
_v62(10) 20 March 1998, 40-57(8)
650 _aBROMLEY
650 _aCROYDON
650 _aINDUSTRIAL MARKET
650 _aJUBILEE LINE EXTENSION
650 _aKINGSTON
650 _aMERTON
650 _aPROPERTY-COMMERCIAL PROPERTY-OFFICE PROPERTY-OFFICE PROPERTY MARKET
650 _aPLANNING
650 _aPROPERTY-COMMERCIAL PROPERTY-RETAIL PROPERTY-RETAIL PROPERTY MARKET
650 _aRICHMOND
650 _aSOUTH LONDON
650 _aUNDERGROUND STATIONS
650 _aWIMBLEDON
690 _aPROPERTY-COMMERCIAL PROPERTY-COMMERCIAL PROPERTY MARKET
942 _n0
948 _c27/03/1998
999 _c53621
_d53621